Statistics for The Ultimate James Bond Movie Quiz

Click here to take the quiz!

General Stats

  • This quiz has been taken 1,493 times
  • The average score is 14 of 30

Answer Stats

QuestionAnswer% Correct
In The Man With The Golden Gun, what bodily abnormality is possessed by Scaramanga?Third nipple
75%
In Goldfinger, what is the nationality of Oddjob, Goldfinger's right hand man?Korean
73%
The longest gap between two Bond films was between Licence To Kill and Goldeneye. How many years was it?6
72%
Study the order of the above questions, a question from which film should appear here?You Only Live Twice
69%
In the car chase sequence of Casino Royale, how many times does Bond's Aston Martin roll?7
64%
Which actor had the most outings as Bond?Roger Moore
64%
What part of his body does Bond break in The World Is Not Enough?Arm
61%
Which Bond film is the 1983 non-official production a remake of?Thunderball
57%
In Goldeneye, what word does Boris use to describe himself at the end of the film?Invincible
54%
What futuristic gadget is featured in the pre-credits sequence of Thunderball?Jetpack
51%
What is the final location featured in From Russia With Love?Venice
51%
In The Living Daylights, what must Bond do to trigger the various functions of his keyring?Whistle
50%
What hairstyle is adopted by Dolly, Jaws' girlfriend in Moonraker?Plaits
47%
Which popular children's author wrote the script for You Only Live Twice?Roald Dahl
46%
In which Bond film does Desmond Llewelyn appear as Q for the last time?The World Is Not Enough
45%
With what is Stacey's shotgun loaded in A View To A Kill?Rock salt
43%
In which American state is Goldfinger's stud farm located?Kentucky
40%
Which character appears in the final scene of Live And Let Die?Baron Samedi
39%
In Skyfall, what is the distinctive feature of Bond's Walther PPK, given to him by Q?Palm reader
39%
What fruit is Gemma Arterton's character named after in Quantum of Solace?Strawberry
39%
What is the name of Stromberg's underwater base in The Spy Who Loved Me?Atlantis
37%
What type of nut is used by Columbo to detect enemy presence in the warehouse scene of For Your Eyes Only?Pistachio
37%
What type of vehicle is showcased in the opening chase sequence of Die Another Day?Hovercraft
35%
In Dr. No, what is the name of the professor who attempts to kill Bond by placing a tarantula in his bed?Professor Dent
34%
Who does Bond kill in a fight sequence in an elevator in Diamonds Are Forever?Peter Franks
30%
In Tomorrow Never Dies, what is the profession of Dr Kauffman?Hitman
26%
What is the name of Blofeld's alpine base, seen in On Her Majesty's Secret Service?Piz Gloria
26%
What is the name of Sanchez's henchman, played by Benicio Del Toro, in Licence To Kill?Dario
20%
In Octopussy, what is Bond's response to Kamal Khan's outrage at his victory at backgammon?"It's all in the wrist"
16%
What is the trigger of Scaramanga's golden gun made out of?Cufflink
11%

Score Distribution

Percentile by Number Answered

Percent of People with Each Score

Your Score History

You have not taken this quiz